000
00267nam a22001217a 4500
008
181102b xxu||||| |||| 00| 0 eng d
041
_a
eng
080
_2
5 th
_a
330
100
_a
55
101
_a
bus
245
_a
Business Assciations
_c
Klein.W.A
942
_2
udc
_c
BK
999
_c
51709
_d
51709